ARRUPE JESUIT UNIVERSITY

CORONAVIRUS -STOP THE SPREAD - CLEAN,DISINFECT,COVER

Global shadows : (Record no. 130999)

MARC details
000 -LEADER
fixed length control field 02212cam a22003734a 4500
001 - CONTROL NUMBER
control field 14120306
003 - CONTROL NUMBER IDENTIFIER
control field ARRUPE
005 - DATE AND TIME OF LATEST TRANSACTION
control field 20211027111802.0
008 - FIXED-LENGTH DATA ELEMENTS--GENERAL INFORMATION
fixed length control field 050926s2006 ncuab b 001 0 eng
010 ## - LIBRARY OF CONGRESS CONTROL NUMBER
LC control number 2005028226
020 ## - INTERNATIONAL STANDARD BOOK NUMBER
International Standard Book Number 0822337053 (hdbk. : alk. paper)
020 ## - INTERNATIONAL STANDARD BOOK NUMBER
International Standard Book Number 0822337177 (pbk. : alk. paper)
035 ## - SYSTEM CONTROL NUMBER
System control number (OCoLC)ocm61731436
040 ## - CATALOGING SOURCE
Original cataloging agency DLC
Transcribing agency DLC
Modifying agency YDX
-- UKM
-- BAKER
-- IXA
-- COO
-- DLC
042 ## - AUTHENTICATION CODE
Authentication code pcc
043 ## - GEOGRAPHIC AREA CODE
Geographic area code f------
050 00 - LIBRARY OF CONGRESS CALL NUMBER
Classification number JZ1773
Item number .F47 2006
082 00 - DEWEY DECIMAL CLASSIFICATION NUMBER
Classification number 327.6
Edition number 22
300 ## - PHYSICAL DESCRIPTION
Other physical details ill., map ;
Dimensions 25 cm.
100 1# - MAIN ENTRY--PERSONAL NAME
Personal name Ferguson, James,
Dates associated with a name 1959-
9 (RLIN) 50724
245 10 - TITLE STATEMENT
Title Global shadows :
Remainder of title Africa in the neoliberal world order /
Statement of responsibility, etc James Ferguson.
260 ## - PUBLICATION, DISTRIBUTION, ETC. (IMPRINT)
Place of publication, distribution, etc Durham [N.C.] :
Name of publisher, distributor, etc Duke University Press,
Date of publication, distribution, etc 2006.
300 ## - PHYSICAL DESCRIPTION
Extent x, 257 p. :
504 ## - BIBLIOGRAPHY, ETC. NOTE
Bibliography, etc Includes bibliographical references (p. [211]-247) and index.
505 0# - FORMATTED CONTENTS NOTE
Formatted contents note Introduction: Global shadows : Africa and the world -- Globalizing Africa? : observations from an inconvenient continent -- Paradoxes of sovereignty and independence : "real" and "pseudo-" nation-states and the depoliticization of poverty -- De-moralizing economies : African socialism, scientific capitalism, and the moral politics of structural adjustment -- Transnational topographies of power : beyond "the state" and "civil society" in the study of African politics -- Chrysalis : the life and death of the African renaissance in a Zambian internet magazine -- Of mimicry and membership : Africans and the "new world society" -- Decomposing modernity : history and hierarchy after development -- Governing extraction : new spatializations of order and disorder in neoliberal Africa.
650 #0 - SUBJECT ADDED ENTRY--TOPICAL TERM
Topical term or geographic name as entry element Globalization.
9 (RLIN) 4951
651 #0 - SUBJECT ADDED ENTRY--GEOGRAPHIC NAME
Geographic name Africa
General subdivision Foreign relations
Chronological subdivision 1960-
9 (RLIN) 21634
651 #0 - SUBJECT ADDED ENTRY--GEOGRAPHIC NAME
Geographic name Africa
General subdivision Foreign economic relations.
9 (RLIN) 31630
651 #0 - SUBJECT ADDED ENTRY--GEOGRAPHIC NAME
Geographic name Africa
General subdivision Economic conditions
Chronological subdivision 1960-
9 (RLIN) 3231
651 #0 - SUBJECT ADDED ENTRY--GEOGRAPHIC NAME
Geographic name Africa
General subdivision Politics and government
Chronological subdivision 1960-
856 41 - ELECTRONIC LOCATION AND ACCESS
Materials specified Table of contents
Uniform Resource Identifier <a href="http://www.loc.gov/catdir/toc/ecip0519/2005028226.html">http://www.loc.gov/catdir/toc/ecip0519/2005028226.html</a>
906 ## - LOCAL DATA ELEMENT F, LDF (RLIN)
a 7
b cbc
c orignew
d 1
e ecip
f 20
g y-gencatlg
942 ## - ADDED ENTRY ELEMENTS (KOHA)
Source of classification or shelving scheme Library of Congress Classification
Koha item type Monograph ( Printed materials)
Holdings
Withdrawn status Lost status Source of classification or shelving scheme Damaged status Not for loan Collection code Home library Current library Shelving location Date acquired Total Checkouts Full call number Barcode Date last seen Price effective from Koha item type
    Library of Congress Classification     Main Collection ARRUPE LIBRARY ARRUPE LIBRARY Main Collection 27/10/2021   JZ1773 .F47 2006 46600006969 27/10/2021 27/10/2021 Monograph ( Printed materials)

 

Arrupe Library. PO Box MP320 Mt Pleasant, Harare, Zimbabwe
263 242 745411|librarian@aju.ac.zw